Being an Interdisciplinary Academic How Institutions Shape University Careers /

This book highlights the importance of interdisciplinarity in the academic landscape, and examines how it is understood in the context of the modern university. While interdisciplinarity is encouraged by research funders, academics themselves receive mixed messages about how, when and whether to fol...

Πλήρης περιγραφή

Λεπτομέρειες βιβλιογραφικής εγγραφής
Κύριος συγγραφέας: Lyall, Catherine (Συγγραφέας, http://id.loc.gov/vocabulary/relators/aut)
Συγγραφή απο Οργανισμό/Αρχή: SpringerLink (Online service)
Μορφή: Ηλεκτρονική πηγή Ηλ. βιβλίο
Γλώσσα:English
Έκδοση: Cham : Springer International Publishing : Imprint: Palgrave Pivot, 2019.
Έκδοση:1st ed. 2019.
Θέματα:
Διαθέσιμο Online:Full Text via HEAL-Link
LEADER 03394nam a2200529 4500
001 978-3-030-18659-3
003 DE-He213
005 20191029011414.0
007 cr nn 008mamaa
008 190629s2019 gw | s |||| 0|eng d
020 |a 9783030186593  |9 978-3-030-18659-3 
024 7 |a 10.1007/978-3-030-18659-3  |2 doi 
040 |d GrThAP 
050 4 |a LB2300-2799.3 
072 7 |a JNM  |2 bicssc 
072 7 |a EDU015000  |2 bisacsh 
072 7 |a JNM  |2 thema 
082 0 4 |a 378  |2 23 
100 1 |a Lyall, Catherine.  |e author.  |4 aut  |4 http://id.loc.gov/vocabulary/relators/aut 
245 1 0 |a Being an Interdisciplinary Academic  |h [electronic resource] :  |b How Institutions Shape University Careers /  |c by Catherine Lyall. 
250 |a 1st ed. 2019. 
264 1 |a Cham :  |b Springer International Publishing :  |b Imprint: Palgrave Pivot,  |c 2019. 
300 |a XVII, 134 p.  |b online resource. 
336 |a text  |b txt  |2 rdacontent 
337 |a computer  |b c  |2 rdamedia 
338 |a online resource  |b cr  |2 rdacarrier 
347 |a text file  |b PDF  |2 rda 
505 0 |a Chapter 1. Introduction: Mixed messages for the interdisciplinary research community -- Chapter 2. "What am I?": The path to becoming an interdisciplinary academic -- Chapter 3. "Are you one of us?" How institutions impact interdisciplinary careers -- Chapter 4. The nets we weave: Consequences for interdisciplinary capacity building -- Chapter 5. Facilitating serendipity? -- Chapter 6. Towards new logics of interdisciplinarity -- Chapter 7. Conclusion: "The funding can only do so much". 
520 |a This book highlights the importance of interdisciplinarity in the academic landscape, and examines how it is understood in the context of the modern university. While interdisciplinarity is encouraged by research funders, academics themselves receive mixed messages about how, when and whether to follow this route. Building upon a series of career history interviews with established interdisciplinary researchers, the author reveals fundamental misunderstandings about the nature of interdisciplinary knowledge, how this is shared, and the skills these researchers bring. The book addresses these issues on both a personal and systemic level, identifying how a resilient researcher can craft their own research trajectory to view interdisciplinarity as a truly embedded approach. . 
650 0 |a Higher education. 
650 0 |a Educational policy. 
650 0 |a Education and state. 
650 0 |a Education. 
650 0 |a School management and organization. 
650 0 |a School administration. 
650 1 4 |a Higher Education.  |0 http://scigraph.springernature.com/things/product-market-codes/O36000 
650 2 4 |a Educational Policy and Politics.  |0 http://scigraph.springernature.com/things/product-market-codes/O19000 
650 2 4 |a Popular Science in Education.  |0 http://scigraph.springernature.com/things/product-market-codes/Q28000 
650 2 4 |a Administration, Organization and Leadership.  |0 http://scigraph.springernature.com/things/product-market-codes/O17000 
710 2 |a SpringerLink (Online service) 
773 0 |t Springer eBooks 
776 0 8 |i Printed edition:  |z 9783030186586 
776 0 8 |i Printed edition:  |z 9783030186609 
776 0 8 |i Printed edition:  |z 9783030186616 
856 4 0 |u https://doi.org/10.1007/978-3-030-18659-3  |z Full Text via HEAL-Link 
912 |a ZDB-2-EDA 
950 |a Education (Springer-41171)